00323nam a2200121Ia 4500008004100000020001800041041001200059100001700071245005600088260003400144300000800178650001500186221030s9999 xx 000 0 und d a9789386189004 aEnglish aV. S. P. Rao 0aBusiness Organisation & Managementcby V. S. P. Rao bTaxmann Pub.aNew Delhic2016 a540 aManagement